000
00235nam a2200097Ia 4500
001
712191
005
20250826162822.0
008
250824s9999 xx 000 0 und d
245
0
_a
EKMEK KAVGASI
_c
ORHAN KEMAL
260
_b
EVEREST YAYINLARI
999
_c
712191
_d
712191